[Event "19 ECC 2003 Men"]
[Site "?"]
[Date "2003.09.29"]
[Round "2.211"]
[White "Jones Richard S"]
[Black "Boidman Yuri"]
[Result "1/2-1/2"]
[WhiteElo "2269"]
[BlackElo "2407"]
[PlyCount "239"]
[EventDate "2003.??.??"]
[Source "www.chesslib.no"]
[SourceDate "2004.05.04"]

1. e4 e5 2. f4 exf4 3. Nf3 g5 4. h4 g4 5. Ne5 Nf6 6. d4 d6 7. Nd3 Nc6 8. c3 Nxe4 9. Bxf4 d5 10. Nd2 Bd6 11. Be2 Ng3 12. Rh2 Bxf4 13. Nxf4 Qd6 14. Nd3 Ne4 15. Rh1 Qg3+ 16. Kf1 Bf5 17. Qe1 Nxd2+ 18. Qxd2 Be4 19. Rg1 Bxd3 20. Qxd3 Qxh4 21. Qf5 Rg8 22. Qxd5 Rg6 23. g3 Qh3+ 24. Ke1 Rd8 25. Qh1 Kf8 26. Qxh3 gxh3 27. Kf2 Rd5 28. g4 Ne7 29. Raf1 Rdg5 30. Rh1 h5 31. gxh5 Rg2+ 32. Ke1 Re6 33. Rf2 Nd5 34. Kf1 Kg7 35. Rh2 Nf4 36. Bf3 Rg3 37. Be2 Re4 38. Bf3 Re6 39. Be2 Ng2 40. Rf3 Rxf3+ 41. Bxf3 Nf4 42. Bxb7 Kh6 43. Bc8 Re3 44. Kf2 Rd3 45. Bf5 Rd2+ 46. Kg3 Rg2+ 47. Rxg2 hxg2 48. Kf2 Kxh5 49. Be4 Kg4 50. Bxg2 Nd3+ 51. Ke3 Nxb2 52. Bf3+ Kg3 53. Be2 f5 54. d5 f4+ 55. Kd4 f3 56. Bb5 f2 57. Kc5 Nd1 58. Kc6 Nxc3 59. Bf1 a5 60. Kxc7 Nxd5+ 61. Kc6 Nf4 62. Kb5 Kf3 63. Kxa5 Ke3 64. Kb6 Kd2 65. a4 Ke1 66. a5 Nd5+ 67. Kc5 Kxf1 68. a6 Ke2 69. a7 f1=Q 70. a8=Q Qc1+ 71. Kd6 Qh6+ 72. Kc5 Qe3+ 73. Kd6 Qf4+ 74. Kc5 Qf2+ 75. Kd6 Qf6+ 76. Kc5 Ne3 77. Qa2+ Kf3 78. Qa8+ Kf4 79. Qb8+ Kg5 80. Qg8+ Kh6 81. Qe8 Qc3+ 82. Kd6 Nf5+ 83. Kd7 Qd4+ 84. Kc7 Qa7+ 85. Kd8 Qb8+ 86. Kd7 Qb5+ 87. Kd8 Qb8+ 88. Kd7 Qb7+ 89. Kd8 Qb6+ 90. Kd7 Qd6+ 91. Kc8 Ne7+ 92. Kb7 Qb4+ 93. Ka6 Qd6+ 94. Kb7 Qb4+ 95. Ka6 Qc4+ 96. Qb5 Qc8+ 97. Qb7 Qc4+ 98. Qb5 Qa2+ 99. Qa5 Qe2+ 100. Qb5 Qe4 101. Qb6+ Kg7 102. Qb2+ Kf7 103. Qb3+ Kf6 104. Qb2+ Ke6 105. Qb3+ Nd5 106. Qh3+ Kd6 107. Qh6+ Kc7 108. Qg7+ Ne7 109. Qc3+ Kd7 110. Qh3+ Kc7 111. Qc3+ Kd8 112. Qa5+ Kd7 113. Qc5 Nc6 114. Kb6 Qe6 115. Qb5 Qe4 116. Qc5 Qf3 117. Qb5 Qe4 118. Qc5 Ne7 119. Qc7+ K 6 120. Qc5 1/2-1/2

[Event "Sonnevanck 7th"]
[Site "Wijk aan Zee"]
[Date "1998.12.07"]
[Round "6"]
[White "Wortel, Marten"]
[Black "Kroeze, Frank M"]
[Result "1-0"]
[WhiteElo "2285"]
[BlackElo "2390"]
[PlyCount "97"]
[EventDate "1998.12.??"]
[Source "www.chesslib.no"]
[SourceDate "2004.05.04"]

1. e4 e5 2. f4 exf4 3. Nf3 g5 4. h4 g4 5. Ne5 Nf6 6. d4 d6 7. Nd3 Nxe4 8. Bxf4 Bg7 9. c3 O-O 10. Nd2 Re8 11. Be2 g3 12. Nxe4 Rxe4 13. Kd2 c5 14. dxc5 dxc5 15. Kc1 Nc6 16. Bd2 c4 17. Nf4 Ne5 18. Rf1 Bf5 19. Nh5 Rxe2 20. Rxf5 Qd3 21. Bg5 Qxf5 22. Qxe2 Re8 23. Kd1 Qd7+ 24. Kc2 Nd3 25. Qf3 Ne1+ 26. Rxe1 Rxe1 27. Nxg7 Rg1 28. Nh5 Qd3+ 29. Qxd3 cxd3+ 30. Kxd3 Rxg2 31. b4 Rg1 32. Be3 Rh1 33. Nxg3 Rxh4 34. Bxa7 Rh3 35. Bf2 h5 36. Kd4 h4 37. Ne4 Rh2 38. a4 h3 39. Bg3 Rg2 40. Be5 h2 41. Bxh2 Rxh2 42. a5 f5 43. Nc5 Re2 44. Nxb7 f4 45. Nc5 f3 46. Nd3 Kf8 47. a6 Ke8 48. Kc5 Kd7 49. a7 1-0

[Event "Corr"]
[Site "?"]
[Date "2003.05.10"]
[Round "?"]
[White "Schmidt Mrs.Anja (GER)"]
[Black "Houwen Piet J.van der (NED"]
[Result "0-1"]
[WhiteElo "2202"]
[BlackElo "2456"]
[PlyCount "112"]
[EventDate "2003.??.??"]
[Source "www.chesslib.no"]
[SourceDate "2004.05.04"]

1. e4 e5 2. f4 exf4 3. Nf3 g5 4. h4 g4 5. Ne5 Nf6 6. d4 d6 7. Nd3 Nxe4 8. Bxf4 Qe7 9. Qe2 Nc6 10. c3 Bf5 11. Nd2 O-O-O 12. Nxe4 Qxe4 13. Qxe4 Bxe4 14. Nf2 Bf5 15. Kd2 Bg7 16. h5 Rhg8 17. Bd3 Bxd3 18. Kxd3 f5 19. Rhf1 Bf6 20. Nd1 Ne7 21. Ne3 Bg5 22. c4 Kd7 23. g3 Bxf4 24. Rxf4 Rg5 25. Rh1 c6 26. b3 b5 27. Ng2 bxc4+ 28. bxc4 Rb8 29. Kc3 Rb6 30. Ne3 Ra6 31. Kb3 h6 32. c5 Rg8 33. a4 Rb8+ 34. Ka3 Rb5 35. Rc1 Rba5 36. Rc4 Nd5 37. Nxd5 cxd5 38. c6+ Ke7 39. c7 dxc4 40. c8=Q Rxa4+ 41. Kb2 Ra2+ 42. Kc1 Ra1+ 43. Kd2 R6a2+ 44. Kc3 Rc1+ 45. Kb4 Rb1+ 46. Kc3 Rb3+ 47. Kxc4 Rc2+ 48. Kxb3 Rxc8 49. Rxf5 Rf8 50. Ra5 Rf3+ 51. Kc4 Rxg3 52. Rxa7+ Kf6 53. Rd7 Kg5 54. Rxd6 Kxh5 55. Rd5+ Kh4 56. Re5 Rg1 0-1

[Event "Genova op-5"]
[Site "Genova"]
[Date "2001.08.11"]
[Round "8"]
[White "Lanzani, Mario"]
[Black "Ferretti, Folco"]
[Result "1/2-1/2"]
[WhiteElo "2380"]
[BlackElo "2274"]
[PlyCount "90"]
[EventDate "2001.08.05"]
[Source "www.chesslib.no"]
[SourceDate "2004.05.04"]

1. e4 e5 2. f4 exf4 3. Nf3 g5 4. h4 g4 5. Ne5 Nf6 6. Nxg4 Nxe4 7. Nc3 d5 8. Nxe4 dxe4 9. Qe2 Qe7 10. Nf2 f5 11. d3 e3 12. Qh5+ Qf7 13. Qxf7+ Kxf7 14. Nh3 Bh6 15. Be2 Nc6 16. c3 Ne5 17. O-O f3 18. Bxf3 Nxd3 19. Bh5+ Ke7 20. Ng5 Bxg5 21. hxg5 Nxc1 22. Raxc1 Rg8 23. Rce1 Rxg5 24. Rxe3+ Kf6 25. Bf3 Bd7 26. Rd1 Rg7 27. b3 Bc6 28. Bxc6 bxc6 29. Rde1 Rd8 30. Re6+ Kg5 31. R1e3 f4 32. Re2 Rd6 33. R6e5+ Kh4 34. Kh2 Kg4 35. Rf2 Rd3 36. Re8 Rg6 37. Re7 Rh6+ 38. Kg1 Rd1+ 39. Rf1 Rh1+ 40. Kxh1 Rxf1+ 41. Kh2 Rf2 42. Rg7+ Kf5 43. Rxh7 Rxa2 44. Rxc7 Ke4 45. Kh3 Ra3 1/2-1/2

[Event "Corr"]
[Site "?"]
[Date "2001.??.??"]
[Round "?"]
[White "Lelenko Alexej"]
[Black "Krcmarik Jan"]
[Result "1/2-1/2"]
[WhiteElo "2391"]
[BlackElo "2261"]
[PlyCount "31"]
[EventDate "2001.??.??"]
[Source "www.chesslib.no"]
[SourceDate "2004.05.04"]

1. e4 e5 2. f4 exf4 3. Nf3 g5 4. h4 g4 5. Ne5 Nf6 6. Bc4 d5 7. exd5 Bg7 8. d4 Nxd5 9. O-O f3 10. gxf3 Bxe5 11. dxe5 c6 12. Bxd5 cxd5 13. Nc3 Qxh4 14. Nxd5 Qg3+ 15. Kh1 Qh4+ 16. Kg1 1/2-1/2

[Event "Corr"]
[Site "?"]
[Date "2002.06.15"]
[Round "?"]
[White "Kosmol Horst"]
[Black "Bauer Wolfgang"]
[Result "0-1"]
[WhiteElo "2210"]
[BlackElo "2442"]
[PlyCount "38"]
[EventDate "2002.??.??"]
[Source "www.chesslib.no"]
[SourceDate "2004.05.04"]

1. e4 e5 2. f4 exf4 3. Nf3 g5 4. h4 g4 5. Ne5 Nf6 6. d4 d6 7. Nd3 Nxe4 8. Bxf4 Bg7 9. c3 O-O 10. Nd2 Re8 11. Nxe4 Rxe4+ 12. Kf2 c5 13. dxc5 dxc5 14. g3 c4 15. Bg2 Re8 16. Nb4 Qb6+ 17. Kf1 Na6 18. Nxa6 Bf5 19. Nb4 Rad8 0-1

[Event "SWE-ch"]
[Site "Uppsala"]
[Date "1985.??.??"]
[Round "?"]
[White "Hellers, Ferdinand"]
[Black "Ernst, Thomas"]
[Result "1-0"]
[WhiteElo "2200"]
[BlackElo "2450"]
[PlyCount "161"]
[EventDate "1985.07.??"]
[Source "ChessBase"]

1. e4 e5 2. f4 exf4 3. Nf3 g5 4. h4 g4 5. Ne5 Nf6 6. d4 d6 7. Nd3 Nxe4 8. Bxf4 Qe7 9. Qe2 Bf5 10. Nd2 Nc6 11. c3 Nxd2 12. Kxd2 Qxe2+ 13. Bxe2 Bg7 14. Rhf1 Ne7 15. Rae1 h5 16. Bd1 Kd7 17. Bb3 Raf8 18. Bg5 f6 19. Bf4 Bg6 20. Be6+ Kd8 21. d5 Bf7 22. c4 Ng6 23. g3 Bxe6 24. Rxe6 Ne5 25. Bxe5 fxe5 26. Rxf8+ Bxf8 27. Nf2 Be7 28. Ne4 Ke8 29. b4 Kd7 30. Rg6 c6 31. Rg7 Rf8 32. Rh7 cxd5 33. cxd5 Rf5 34. a4 a6 35. b5 axb5 36. axb5 Kd8 37. b6 Kd7 38. Ke2 Rf3 39. Rxh5 Rb3 40. Rh7 Rxb6 41. Nf6+ Kd8 42. Nxg4 Rb2+ 43. Kf3 b5 44. h5 Rb3+ 45. Kg2 Rb2+ 46. Kh3 Rb1 47. h6 Bf8 48. Rh8 Ke7 49. h7 Bg7 50. Rg8 Rh1+ 51. Nh2 Kf7 52. h8=Q Bxh8 53. Rxh8 Rd1 54. Rb8 Rxd5 55. Kg4 Kf6 56. Rf8+ Ke7 57. Rb8 Kf6 58. Kh4 e4 59. Ng4+ Ke7 60. Ne3 Rc5 61. Kg4 d5 62. Nf5+ Kd7 63. Kf4 Kc7 64. Ra8 b4 65. Ra1 Kb6 66. g4 Rc2 67. Ne3 Rd2 68. g5 Kb5 69. g6 Rf2+ 70. Ke5 Rf8 71. Nxd5 b3 72. Kxe4 Kc5 73. Rc1+ Kd6 74. Nf4 Re8+ 75. Kf5 Re5+ 76. Kf6 Re4 77. Rd1+ Kc5 78. Ne6+ Kb4 79. g7 Rg4 80. Ng5 Rf4+ 81. Ke5 1-0

[Event "Groningen op"]
[Site "Groningen"]
[Date "1998.12.20"]
[Round "11"]
[White "Rechel, Bernd"]
[Black "Wortel, Marten"]
[Result "1-0"]
[WhiteElo "2365"]
[BlackElo "2285"]
[PlyCount "59"]
[EventDate "1998.12.??"]
[Source "www.chesslib.no"]
[SourceDate "2004.05.04"]

1. e4 e5 2. f4 exf4 3. Nf3 g5 4. h4 g4 5. Ne5 Nf6 6. d4 d6 7. Nd3 Nxe4 8. Bxf4 Bg7 9. c3 O-O 10. Nd2 Re8 11. Nxe4 Rxe4+ 12. Be2 g3 13. Kd2 c5 14. Bg5 Qa5 15. Bf3 Rxd4 16. Ke3 Ra4 17. Bd5 Be6 18. Bxe6 fxe6 19. Qh5 Nd7 20. Rhf1 Rf8 21. Rxf8+ Nxf8 22. Qe8 d5 23. Rf1 Re4+ 24. Kd2 Bxc3+ 25. Kc1 Bxb2+ 26. Kb1 Bg7 27. Qf7+ Kh8 28. Bf6 Re1+ 29. Rxe1 Qb5+ 30. Nb2 1-0

[Event "Helsinki Ch"]
[Site "Helsinki FIN"]
[Date "1993.??.??"]
[Round "?"]
[White "Norri, Joose"]
[Black "Salo, Heikki"]
[Result "1-0"]
[WhiteElo "2400"]
[BlackElo "2240"]
[PlyCount "77"]
[EventDate "1993.??.??"]
[Source "www.chesslib.no"]
[SourceDate "2004.05.04"]

1. e4 e5 2. f4 exf4 3. Nf3 g5 4. h4 g4 5. Ne5 Nf6 6. Bc4 d5 7. exd5 Bd6 8. d4 Nh5 9. Nc3 Bf5 10. Ne2 f3 11. gxf3 g3 12. Qd2 Qe7 13. Qg5 Bg6 14. Bb5+ Kd8 15. Qxe7+ Kxe7 16. c4 b6 17. Be3 Rg8 18. O-O-O a6 19. Nc6+ Nxc6 20. Bxc6 Raf8 21. c5 bxc5 22. dxc5 Be5 23. f4 Bf6 24. Nd4 Rb8 25. b3 Ng7 26. Rhe1 Kf8 27. Nf3 Nf5 28. Ne5 Bxh4 29. Nd7+ Kg7 30. Nxb8 Rxb8 31. Bd2 Bf6 32. Ba5 Nd4 33. Bd7 h5 34. Re3 h4 35. Bxc7 Rh8 36. Bh3 Nf5 37. Red3 Rc8 38. d6 Kh7 39. Bb6 1-0

[Event "Barbera op"]
[Site "Barbera"]
[Date "1997.??.??"]
[Round "5"]
[White "Jerez Perez, Alfonso"]
[Black "Estrada Nieto, Julian"]
[Result "1/2-1/2"]
[WhiteElo "2300"]
[BlackElo "2340"]
[PlyCount "86"]
[EventDate "1997.??.??"]
[Source "www.chesslib.no"]
[SourceDate "2004.05.04"]

1. e4 e5 2. f4 exf4 3. Nf3 g5 4. h4 g4 5. Ne5 Nf6 6. Bc4 d5 7. exd5 Bd6 8. d4 Nh5 9. Nc3 Qe7 10. Kd2 Bxe5 11. Re1 Nd7 12. Qxg4 Ndf6 13. Qg5 Bd6 14. Rxe7+ Kxe7 15. Qh6 Rg8 16. Bd3 Kd8 17. Ne4 Bf8 18. Qxf6+ Nxf6 19. Nxf6 Rxg2+ 20. Kc3 Rg1 21. Nxh7 Be7 22. Ng5 Bxg5 23. hxg5 f3 24. g6 fxg6 25. Bf1 f2 26. Kd3 Bf5+ 27. Ke2 Bxc2 28. Kxf2 Rg4 29. Be3 Bf5 30. Be2 Re4 31. Bf3 Re8 32. Bf4 Kd7 33. Rc1 Rac8 34. Be5 Rf8 35. Kg3 g5 36. Rc3 a6 37. Rb3 Rb8 38. Rc3 Rbc8 39. Rb3 g4 40. Bg2 Rb8 41. Rc3 Rbc8 42. Rb3 Rb8 43. Rc3 Rbc8 1/2-1/2

[Event "Corr"]
[Site "?"]
[Date "2002.05.01"]
[Round "?"]
[White "Muehlenweg Heinz (GER)"]
[Black "Rhodes John D.(ENG)"]
[Result "0-1"]
[WhiteElo "2291"]
[BlackElo "2331"]
[PlyCount "92"]
[EventDate "2002.??.??"]
[Source "www.chesslib.no"]
[SourceDate "2004.05.04"]

1. e4 e5 2. f4 exf4 3. Nf3 g5 4. h4 g4 5. Ne5 Nf6 6. Bc4 d5 7. exd5 Bd6 8. d4 Nh5 9. O-O O-O 10. Nxg4 Qxh4 11. Nh2 Ng3 12. Re1 Bf5 13. Nd2 Nd7 14. Ndf3 Qh5 15. Be2 Rae8 16. c4 Bg4 17. Bd2 f5 18. Rc1 Rf6 19. c5 Rh6 20. cxd6 Bxf3 21. Bxf3 Qxh2+ 22. Kf2 Ne4+ 23. Bxe4 Qg3+ 24. Kg1 fxe4 25. Rxe4 Rxe4 26. dxc7 Nb6 27. Qf3 Qh2+ 28. Kf1 Qh1+ 29. Kf2 Qh4+ 30. Kf1 Re8 31. Re1 Rc8 32. Bxf4 Rf6 33. g3 Qh3+ 34. Kg1 Rxc7 35. d6 Rc8 36. Qb3+ Rf7 37. Re5 Nd7 38. Re1 Qf5 39. Qxb7 Rb8 40. Qg2 Qa5 41. Ra1 Qb4 42. Qf2 Qxb2 43. Re1 Nf6 44. Rc1 a5 45. a4 Qa3 46. Qc2 Nd5 0-1

[Event "Corr"]
[Site "?"]
[Date "1998.01.10"]
[Round "?"]
[White "Malmstroem Jan (SVE)"]
[Black "Rak Peter (GER)"]
[Result "1-0"]
[WhiteElo "2305"]
[BlackElo "2315"]
[PlyCount "91"]
[EventDate "1998.??.??"]
[Source "www.chesslib.no"]
[SourceDate "2004.05.04"]

1. e4 e5 2. f4 exf4 3. Nf3 g5 4. h4 g4 5. Ne5 Nf6 6. Bc4 d5 7. exd5 Bg7 8. O-O Nh5 9. d4 Qxh4 10. Qe1 Qxe1 11. Rxe1 O-O 12. Nc3 Nd7 13. Nb5 c6 14. dxc6 Nxe5 15. cxb7 Bxb7 16. dxe5 Bc6 17. a4 f3 18. Nd4 Rac8 19. Nf5 Rc7 20. gxf3 Bxf3 21. b3 Rd8 22. Nh6+ Bxh6 23. Bxh6 Ng7 24. Rac1 Re8 25. Kf2 Rc5 26. Be3 Rc7 27. Bg5 h5 28. Bf6 Ne6 29. Kg3 Kh7 30. Bd3+ Kh6 31. b4 Rec8 32. c4 Rd7 33. Rc3 Rb8 34. b5 Nc5 35. Bf5 Rd2 36. Rc2 Rxc2 37. Bxc2 Ne6 38. a5 Rc8 39. Bd3 Rc7 40. b6 axb6 41. axb6 Rb7 42. Rb1 Nc5 43. Bf5 Nd7 44. Bd8 Nxe5 45. c5 Nd3 46. Bxd3 1-0

[Event "Troll Masters"]
[Site "Gausdal NOR"]
[Date "1993.??.??"]
[Round "2"]
[White "Westerinen, Heikki M J"]
[Black "Koskinen, Henri"]
[Result "1-0"]
[WhiteElo "2380"]
[BlackElo "2240"]
[PlyCount "81"]
[EventDate "1993.01.??"]
[Source "www.chesslib.no"]
[SourceDate "2004.05.04"]

1. e4 e5 2. f4 exf4 3. Nf3 g5 4. h4 g4 5. Ne5 Nf6 6. d4 d6 7. Nd3 Nxe4 8. Bxf4 Bg7 9. c3 Qe7 10. Qe2 h5 11. Nd2 Nxd2 12. Qxe7+ Kxe7 13. Kxd2 Bf5 14. g3 Kd7 15. Bg2 Nc6 16. Rhf1 Bg6 17. Bg5 Rae8 18. Nf4 Nd8 19. Bxb7 Bh6 20. Bxh6 Rxh6 21. Bd5 c6 22. Nxg6 fxg6 23. Bc4 Rh7 24. Rf6 Rg7 25. Raf1 d5 26. Bd3 Re6 27. Rf8 Rge7 28. R1f2 Re1 29. Bxg6 Rg1 30. Bxh5 Rg7 31. Be8+ Ke7 32. h5 Rxg3 33. Bg6 Rh3 34. Re2+ Kd7 35. Rg2 Rh4 36. Rf4 Ne6 37. Rfxg4 Rxg4 38. Rxg4 Ke7 39. h6 Rg8 40. h7 Rh8 41. Bf5 1-0

[Event "Copenhagen"]
[Site "Copenhagen"]
[Date "1995.??.??"]
[Round "5"]
[White "Olesen, Martin"]
[Black "Kristensen, Kaare"]
[Result "1/2-1/2"]
[WhiteElo "2340"]
[BlackElo "2280"]
[PlyCount "98"]
[EventDate "1995.??.??"]
[Source "ChessBase"]

1. e4 e5 2. f4 exf4 3. Nf3 g5 4. h4 g4 5. Ne5 Nf6 6. Bc4 d5 7. exd5 Bd6 8. d4 O-O 9. O-O Nh5 10. Nxg4 Qxh4 11. Nh2 Ng3 12. Re1 f3 13. Nxf3 Qh1+ 14. Kf2 Ne4+ 15. Ke3 Qh6+ 16. Kd3 Qg6 17. Rxe4 Bf5 18. Nbd2 Re8 19. Kc3 Bxe4 20. Nxe4 Qxe4 21. Qh1 f6 22. Bd3 Qe7 23. Qh5 Nd7 24. Bh6 c5 25. dxc6 bxc6 26. Kd2 Rad8 27. Rh1 c5 28. Bc4+ Kh8 29. Bf7 Rg8 30. Bxg8 Rxg8 31. g4 cxd4 32. Nxd4 Qe4 33. Nf5 Rxg4 34. Bg7+ Rxg7 35. Nxg7 Bf4+ 36. Kd1 Kxg7 37. Qg4+ Kf8 38. Re1 Qd4+ 39. Ke2 Ne5 40. Qc8+ Kf7 41. Qb7+ Qd7 42. Qb3+ Qe6 43. Qxe6+ Kxe6 44. Rd1 Bg5 45. Rd4 h5 46. Ra4 Nc6 47. b4 h4 48. b5 Ne5 49. Rxa7 Kd5 1/2-1/2

[Event "FIN Ch U18"]
[Site "Vammala"]
[Date "1995.??.??"]
[Round "?"]
[White "Salmensuu, Olli"]
[Black "Sammalvuo, Tapani"]
[Result "1/2-1/2"]
[WhiteElo "2230"]
[BlackElo "2390"]
[PlyCount "118"]
[EventDate "1995.??.??"]
[Source "www.chesslib.no"]
[SourceDate "2004.05.04"]

1. e4 e5 2. f4 exf4 3. Nf3 g5 4. h4 g4 5. Ne5 Nf6 6. d4 d6 7. Nd3 Nxe4 8. Bxf4 Qe7 9. Be2 Nc6 10. c3 Bf5 11. g3 O-O-O 12. O-O Qe6 13. Nd2 Nxg3 14. Bxg3 Bxd3 15. Bxg4 f5 16. Qf3 fxg4 17. Qxd3 d5 18. Rae1 Qd7 19. Rf5 Bd6 20. Rxd5 Qf7 21. Rg5 h6 22. Rxg4 Rhg8 23. Ree4 Qd7 24. Qf3 Rdf8 25. Rxg8 Rxg8 26. Nf1 Qh3 27. Re3 Bxg3 28. Nxg3 Qxh4 29. Kg2 Qg5 30. Kf2 Qh4 31. Qh5 Qf4+ 32. Qf3 Qd6 33. Qf7 Rf8 34. Re8+ Rxe8 35. Qxe8+ Nd8 36. Qe4 a6 37. Kf3 Ne6 38. Qf5 Kb8 39. Ne4 Qe7 40. Qg6 Ng5+ 41. Nxg5 hxg5 42. Kg4 Qe2+ 43. Kxg5 Qxb2 44. Qg8+ Ka7 45. Qc4 Qg2+ 46. Kf5 Kb8 47. Ke5 Qf3 48. a4 a5 49. Qg8+ Ka7 50. Qc4 Qe3+ 51. Kf5 Qe7 52. Kf4 Qd6+ 53. Ke3 b6 54. Kd2 Qh2+ 55. Kd3 Qg3+ 56. Kc2 Qg2+ 57. Kb3 Kb7 58. Qe6 Qh1 59. Qf5 Qc6 1/2-1/2

[Event "Corr"]
[Site "?"]
[Date "1999.07.15"]
[Round "?"]
[White "Santagata Carlo (ITA)"]
[Black "Armani Giuseppe (ITA)"]
[Result "0-1"]
[WhiteElo "2291"]
[BlackElo "2328"]
[PlyCount "58"]
[EventDate "1999.??.??"]
[Source "www.chesslib.no"]
[SourceDate "2004.05.04"]

1. e4 e5 2. f4 exf4 3. Nf3 g5 4. h4 g4 5. Ne5 Nf6 6. d4 d6 7. Nd3 Nxe4 8. Bxf4 Qe7 9. Be2 Bg7 10. Nc3 Nxc3 11. bxc3 Be6 12. g3 Nd7 13. O-O h5 14. Re1 O-O-O 15. Bf1 Nb6 16. Rb1 Qd7 17. Nf2 Kb8 18. Bb5 c6 19. Bd3 Bxa2 20. Ra1 Bd5 21. Qb1 Bh6 22. Qc1 Bxf4 23. Qxf4 Bc4 24. Ra3 Qc7 25. Rea1 a6 26. Ne4 d5 27. Qxc7+ Kxc7 28. Ng5 Rd7 29. Rf1 Re8 0-1

[Event "Corr"]
[Site "?"]
[Date "2000.09.25"]
[Round "?"]
[White "Tarmak Mart"]
[Black "Sheehan Michael J"]
[Result "0-1"]
[WhiteElo "2333"]
[BlackElo "2282"]
[PlyCount "76"]
[EventDate "2000.??.??"]
[Source "www.chesslib.no"]
[SourceDate "2004.05.04"]

1. e4 e5 2. f4 exf4 3. Nf3 g5 4. h4 g4 5. Ne5 Nf6 6. d4 d6 7. Nd3 Nxe4 8. Bxf4 Bg7 9. c3 O-O 10. Nd2 Re8 11. Be2 Bf5 12. Nxe4 Rxe4 13. Bg5 Qe8 14. Kf1 h6 15. Bd2 Nd7 16. Nf2 Re6 17. Bxg4 Bxg4 18. Nxg4 Nb6 19. a4 f5 20. Nf2 Qf7 21. Rh3 c5 22. dxc5 dxc5 23. Be3 Nc4 24. Bxc5 Nxb2 25. Qc1 Nc4 26. Qf4 Rae8 27. Bd4 Bxd4 28. cxd4 Ne3+ 29. Kg1 Nd5 30. Qg3+ Kh7 31. Kh1 Re2 32. Rf1 Ne3 33. Rg1 f4 34. Qf3 Rd2 35. g4 b6 36. g5 Qe6 37. Rh2 Rxd4 38. Nh3 Qe4 0-1

[Event "King's Gambit Final, SEMI"]
[Site "?"]
[Date "1997.??.??"]
[Round "?"]
[White "Malmstroem, J."]
[Black "Ruggeri Laderchi, G."]
[Result "0-1"]
[WhiteElo "2510"]
[BlackElo "2095"]
[PlyCount "42"]
[EventDate "1997.??.??"]
[Source "www.chesslib.no"]
[SourceDate "2004.05.04"]

1. e4 e5 2. f4 exf4 3. Nf3 g5 4. h4 g4 5. Ne5 Nf6 6. Bc4 d5 7. exd5 Bd6 8. d4 O-O 9. Bxf4 Nh5 10. Be3 Ng3 11. Rh2 Re8 12. Bb5 Bxe5 13. Bxe8 Bd6 14. Bxf7+ Kxf7 15. Qd3 Bf5 16. Qb3 Na6 17. Nd2 Nb4 18. Rc1 Qf6 19. a3 Nxc2+ 20. Rxc2 Bxc2 21. Qxc2 Nf5 0-1

[Event "Corr"]
[Site "?"]
[Date "2001.09.15"]
[Round "?"]
[White "Ryan Patrick J.(USA)"]
[Black "Millstone Michael (USA)"]
[Result "0-1"]
[WhiteElo "2270"]
[BlackElo "2331"]
[PlyCount "48"]
[EventDate "2001.??.??"]
[Source "www.chesslib.no"]
[SourceDate "2004.05.04"]

1. e4 e5 2. f4 exf4 3. Nf3 g5 4. h4 g4 5. Ne5 Nf6 6. d4 d6 7. Nd3 Nxe4 8. Bxf4 Bg7 9. Nc3 Nxc3 10. bxc3 c5 11. Be2 cxd4 12. Bxg4 Qe7+ 13. Kf1 Nc6 14. Bxc8 Rxc8 15. Qg4 O-O 16. h5 Qe6 17. Qg3 Kh8 18. Re1 Qf5 19. h6 Bf6 20. Qh3 Qg6 21. Bxd6 Rfe8 22. Rxe8+ Rxe8 23. c4 Na5 24. Ne5 Bxe5 0-1

[Event "Corr"]
[Site "?"]
[Date "2002.06.15"]
[Round "?"]
[White "Kosmol Horst"]
[Black "Bergamini Lorenzo"]
[Result "1-0"]
[WhiteElo "2210"]
[BlackElo "2389"]
[PlyCount "122"]
[EventDate "2002.??.??"]
[Source "www.chesslib.no"]
[SourceDate "2004.05.04"]

1. e4 e5 2. f4 exf4 3. Nf3 g5 4. h4 g4 5. Ne5 Nf6 6. d4 d6 7. Nd3 Nxe4 8. Bxf4 Qe7 9. Be2 Nc6 10. c3 Bg7 11. Nd2 Bf5 12. Nc4 h5 13. Ne3 Bg6 14. Nd5 Qd7 15. O-O O-O-O 16. Nf2 Rde8 17. Bb5 a6 18. Ba4 Qf5 19. Nxe4 Qxd5 20. Nf2 Re7 21. Bg5 f6 22. Bc1 Na5 23. Bc2 Bxc2 24. Qxc2 Rhe8 25. Nh1 Re2 26. Qf5+ Qxf5 27. Rxf5 Re1+ 28. Rf1 Rxf1+ 29. Kxf1 Kd7 30. Ng3 Rh8 31. Nf5 Bf8 32. d5 c6 33. Ke2 cxd5 34. Be3 Nc6 35. Rf1 Ne7 36. Nd4 Bg7 37. a4 Re8 38. Kd3 f5 39. Nxf5 Rf8 40. Ng3 Rxf1 41. Nxf1 Nf5 42. Bf2 Be5 43. Ne3 Ne7 44. Nc2 Ng6 45. g3 Nf8 46. Nd4 Nh7 47. a5 Nf6 48. Ne2 Ne4 49. Be1 Nc5+ 50. Kc2 Kc7 51. b4 Ne4 52. Kd3 Kc6 53. Ke3 Kb5 54. Kd3 Nf6 55. Nd4+ Ka4 56. Ne2 Kb3 57. Nc1+ Kb2 58. Ne2 Ne4 59. c4 Nf6 60. cxd5 Nxd5 61. Ke4 Nc3+ 1-0

[Event "ASS-ELIT 1999/2000 (RD-1)"]
[Site "?"]
[Date "1999.10.15"]
[Round "6"]
[White "Oskar von Bahr Wasa SK"]
[Black "Furhoff Johan"]
[Result "1-0"]
[WhiteElo "2309"]
[BlackElo "2281"]
[PlyCount "51"]
[EventDate "1999.??.??"]
[Source "www.chesslib.no"]
[SourceDate "2004.05.04"]

1. e4 e5 2. f4 exf4 3. Nf3 g5 4. h4 g4 5. Ne5 Nf6 6. d4 d6 7. Nd3 Nxe4 8. Bxf4 Qe7 9. Be2 Nc6 10. Nc3 Nxc3 11. bxc3 Bd7 12. Bg5 f6 13. Bd2 O-O-O 14. O-O Rg8 15. g3 Qf7 16. Qc1 Na5 17. Qa3 Nc4 18. Qxa7 Bc6 19. Bg5 Rxg5 20. hxg5 h5 21. Nb4 Ne3 22. Rxf6 Qe7 23. Nxc6 bxc6 24. Bd3 Bg7 25. d5 cxd5 26. Qa8+ 1-0

[Event "Bratto Open 15th"]
[Site "Bratto ITA"]
[Date "1995.??.??"]
[Round "?"]
[White "Belotti, Bruno"]
[Black "Righi, Egio"]
[Result "1-0"]
[WhiteElo "2405"]
[BlackElo "2180"]
[PlyCount "89"]
[EventDate "1995.??.??"]
[Source "www.chesslib.no"]
[SourceDate "2004.05.04"]

1. e4 e5 2. f4 exf4 3. Nf3 g5 4. h4 g4 5. Ne5 Nf6 6. d4 d6 7. Nd3 Nxe4 8. Qe2 Qe7 9. Bxf4 Nc6 10. c3 Nf6 11. Nd2 Bf5 12. O-O-O Qxe2 13. Bxe2 Bg7 14. Rhf1 Ne7 15. Bg5 h6 16. Bxf6 Bxf6 17. g3 Bg7 18. Rde1 O-O 19. Nf4 Rae8 20. Bd1 Ng6 21. Nd5 Bd3 22. Rg1 h5 23. Bb3 c6 24. Nb4 Bf5 25. Nc4 Rxe1+ 26. Rxe1 Rd8 27. Na5 Bc8 28. Nd3 Rf8 29. Nc4 Rd8 30. Nxd6 Rxd6 31. Re8+ Kh7 32. Rxc8 f5 33. Rc7 f4 34. Nxf4 Nxf4 35. gxf4 g3 36. Re7 Kh8 37. Re8+ Kh7 38. Bc2+ Kh6 39. Re3 Bf6 40. Rxg3 Bxh4 41. Rg8 Bf2 42. Kd2 h4 43. Ke2 Bg3 44. Kf3 Rd7 45. Rh8+ 1-0

[Event "16. International Open"]
[Site "?"]
[Date "2005.07.10"]
[Round "4"]
[White "Barle Janez"]
[Black "Miletic Dean"]
[Result "1-0"]
[WhiteElo "2408"]
[BlackElo "2165"]
[PlyCount "119"]
[EventDate "2005.??.??"]
[Source "www.chesslib.no"]
[SourceDate "2004.05.04"]

1. e4 e5 2. f4 exf4 3. Nf3 g5 4. h4 g4 5. Ne5 Nf6 6. Nxg4 Nxe4 7. d3 Ng3 8. Bxf4 Nxh1 9. Qe2+ Qe7 10. Nf6+ Kd8 11. Bxc7+ Kxc7 12. Nd5+ Kd8 13. Nxe7 Bxe7 14. Qg4 d6 15. Qf4 Re8 16. Kd2 Be6 17. Nc3 Rg8 18. Be2 Ng3 19. Bf3 Nc6 20. d4 Nf5 21. d5 Nxh4 22. Ke2 Nxf3 23. dxc6 Ne5 24. cxb7 Rb8 25. Qe4 Rg4 26. Qxh7 Rxb7 27. Qh8+ Kc7 28. Qe8 Nc6 29. Qh8 Nd4+ 30. Kf1 Bc4+ 31. Kg1 Nf3+ 32. Kf2 Ne5 33. b3 Be6 34. Rd1 Bh4+ 35. Kg1 Ng6 36. Qe8 Rg5 37. Qa4 Bg3 38. Ne4 Rg4 39. Qa5+ Kc8 40. Rxd6 Rd7 41. Rxd7 Kxd7 42. Nxg3 Rxg3 43. Qxa7+ Kc8 44. Qc5+ Kd7 45. Kf2 Rg4 46. a4 Nf4 47. g3 Nh3+ 48. Ke1 Rg5 49. Qa7+ Kc6 50. b4 Re5+ 51. Kd2 Ng5 52. b5+ Kd6 53. b6 Ne4+ 54. Kc1 Nc5 55. b7 Nxb7 56. Qb8+ Kd5 57. Qxb7+ Kd4 58. Qb6+ Ke4 59. a5 Kf3 60. a6 1-0

[Event "Dieren op"]
[Site "Dieren"]
[Date "1998.??.??"]
[Round "1"]
[White "Tagnon, Nicole"]
[Black "Van den Doel, Erik"]
[Result "0-1"]
[WhiteElo "2080"]
[BlackElo "2485"]
[PlyCount "44"]
[EventDate "1998.08.??"]
[Source "www.chesslib.no"]
[SourceDate "2004.05.04"]

1. e4 e5 2. f4 exf4 3. Nf3 g5 4. h4 g4 5. Ne5 Nf6 6. d4 d6 7. Nd3 Nxe4 8. Bxf4 Bg7 9. c3 O-O 10. Be2 c5 11. Nf2 Nxf2 12. Kxf2 cxd4 13. Bxg4 Nc6 14. Kg3 Kh8 15. Bxc8 Rxc8 16. Qh5 Rg8 17. Kh3 Qd7+ 18. g4 Be5 19. Rf1 Qe6 20. Bd2 Qc4 21. Qxf7 Qe2 22. Rf4 Rxg4 0-1